Organisation of Agriculture (Record no. 370447)

MARC details
000 -LEADER
fixed length control field 00257nam a22001217a 4500
082 ## - DEWEY DECIMAL CLASSIFICATION NUMBER
Classification number 630.685 PRA
100 ## - MAIN ENTRY--PERSONAL NAME
Personal name Pratt A Edwin
245 ## - TITLE STATEMENT
Title Organisation of Agriculture
250 ## - EDITION STATEMENT
Edition statement 3
260 ## - PUBLICATION, DISTRIBUTION, ETC. (IMPRINT)
Place of publication, distribution, etc. John Murray & Sons
Date of publication, distribution, etc. 1908
300 ## - PHYSICAL DESCRIPTION
Extent 443
942 ## - ADDED ENTRY ELEMENTS (KOHA)
Koha item type Books (General)
Holdings
Withdrawn status Lost status Damaged status Not for loan Collection code Home library Current library Shelving location Date acquired Total Checkouts Full call number Barcode Date last seen Price effective from Koha item type
          College of Agriculture, Vellayani College of Agriculture, Vellayani   11/03/2020   630.685 PRA KAU_COAV-1501 11/03/2020 11/03/2020 Books (General)
        Malayalam College of Agriculture, Vellayani College of Agriculture, Vellayani   11/03/2020   630.685 PRA KAU_COAV-325 11/03/2020 11/03/2020 Books (General)
Kerala Agricultural University Central Library
Thrissur-(Dt.), Kerala Pin:- 680656, India
Ph : (+91)(487) 2372219
E-mail: librarian@kau.in
Website: http://library.kau.in/